00858nib a2200229ua 4500001001000000003000400010005001700014007001000031008004100041040001300082041000800095043001200103082002200115100002800137245009600165260004700261300004200308490003000350500014200380650005800522650004800580000083493OSt20230918151828.0vducgaiz 170809s1989 ck 053 e | z|spa d cCO-MqBPB aspa as-ck---04a860.116bG82n221 aGuerrero, Arturod1946-10aLos 100 números de Golpe de Dados (Conferencia) :b[disco sonoro] /cPor Arturo Guerrero. aBogotá :bCasa de Poesía Silva,c1989. a1 disco compacto :bsonidoe(53 min.) 0aVoces para el tiempov116 aHomenaje a la revista Golpe de Dados dirigida por Mario Rivero. Conferencia Los 100 números de golpe de dados.a30 de noviembre de 198914aRevistasvCongresos, conferencias, etc.xAniversarios14aPoesía colombianavPublicaciones seriadas